<?xml version="1.0" encoding="UTF-8"?>
<record
    xmlns:xsi="http://www.w3.org/2001/XMLSchema-instance"
    xsi:schemaLocation="http://www.loc.gov/MARC21/slim http://www.loc.gov/standards/marcxml/schema/MARC21slim.xsd"
    xmlns="http://www.loc.gov/MARC21/slim">

  <leader>00568nam a22002051i 4500</leader>
  <controlfield tag="001">23658</controlfield>
  <datafield tag="010" ind1=" " ind2=" ">
    <subfield code="a">9789898377081</subfield>
  </datafield>
  <datafield tag="090" ind1=" " ind2=" ">
    <subfield code="a">23658</subfield>
  </datafield>
  <datafield tag="100" ind1=" " ind2=" ">
    <subfield code="a">20170304u        u  u0frey50      ba</subfield>
  </datafield>
  <datafield tag="101" ind1="0" ind2=" ">
    <subfield code="a">por</subfield>
  </datafield>
  <datafield tag="200" ind1="1" ind2=" ">
    <subfield code="f">Carlos Canhoto</subfield>
    <subfield code="a">Barbatanar nas cores do arco-&#xED;ris</subfield>
  </datafield>
  <datafield tag="210" ind1=" " ind2=" ">
    <subfield code="c">Gr&#xE1;cio Editor</subfield>
    <subfield code="a">Coimbra</subfield>
    <subfield code="d">2010</subfield>
  </datafield>
  <datafield tag="215" ind1=" " ind2=" ">
    <subfield code="a">47, [1] p.</subfield>
    <subfield code="c">il.</subfield>
    <subfield code="d">21 cm</subfield>
  </datafield>
  <datafield tag="300" ind1=" " ind2=" ">
    <subfield code="a">Ler + Plano Nacional de Leitura</subfield>
  </datafield>
  <datafield tag="606" ind1=" " ind2=" ">
    <subfield code="9">187</subfield>
    <subfield code="a">Hist&#xF3;rias para crian&#xE7;as</subfield>
  </datafield>
  <datafield tag="675" ind1=" " ind2=" ">
    <subfield code="a">8:087.5</subfield>
    <subfield code="9">69</subfield>
  </datafield>
  <datafield tag="700" ind1=" " ind2="1">
    <subfield code="a">Canhoto</subfield>
    <subfield code="b">Carlos</subfield>
    <subfield code="4">070</subfield>
    <subfield code="f">1961-</subfield>
  </datafield>
  <datafield tag="702" ind1=" " ind2="1">
    <subfield code="a">Marc</subfield>
    <subfield code="4">440</subfield>
    <subfield code="f">1976-</subfield>
  </datafield>
  <datafield tag="801" ind1=" " ind2=" ">
    <subfield code="a">PT</subfield>
    <subfield code="g">RPC</subfield>
  </datafield>
  <datafield tag="990" ind1=" " ind2=" ">
    <subfield code="c">LIVROS</subfield>
  </datafield>
  <datafield tag="995" ind1=" " ind2=" ">
    <subfield code="0">0</subfield>
    <subfield code="1">0</subfield>
    <subfield code="9">32357</subfield>
    <subfield code="b">BMVA</subfield>
    <subfield code="d">BMVAAG</subfield>
    <subfield code="f">0029723</subfield>
    <subfield code="k">8 CAN</subfield>
    <subfield code="o">0</subfield>
    <subfield code="r">LIVROS</subfield>
    <subfield code="u">6-10 anos</subfield>
    <subfield code="0">0</subfield>
  </datafield>
  <datafield tag="995" ind1=" " ind2=" ">
    <subfield code="0">0</subfield>
    <subfield code="1">0</subfield>
    <subfield code="9">32358</subfield>
    <subfield code="b">BMVA</subfield>
    <subfield code="d">BMVA</subfield>
    <subfield code="f">0029831</subfield>
    <subfield code="k">8 CAN </subfield>
    <subfield code="o">0</subfield>
    <subfield code="r">LIVROS</subfield>
    <subfield code="u">6-10 anos</subfield>
    <subfield code="0">0</subfield>
  </datafield>
  <datafield tag="995" ind1=" " ind2=" ">
    <subfield code="0">0</subfield>
    <subfield code="1">0</subfield>
    <subfield code="9">32359</subfield>
    <subfield code="b">BMVAAL</subfield>
    <subfield code="d">BMVAAL</subfield>
    <subfield code="f">0028688</subfield>
    <subfield code="k">8 CAN</subfield>
    <subfield code="o">0</subfield>
    <subfield code="r">LIVROS</subfield>
    <subfield code="u">6-10 anos</subfield>
  </datafield>
</record>
